000
00291nam a22001337a 4500
008
181031b xxu||||| |||| 00| 0 eng d
020
_a
9780534088385
041
_a
eng
080
_a
371
100
_a
46
101
_a
EDU
245
_a
Critical Thinking
_c
Grinols, .A. B
942
_2
udc
_c
BK
999
_c
51336
_d
51336